| 000 | 00601nam a2200229Ia 4500 | ||
|---|---|---|---|
| 003 | OSt | ||
| 005 | 20220928102055.0 | ||
| 006 | a|||||r|||| 00| 0 | ||
| 007 | ta | ||
| 008 | 220927b |||||||| |||| 00| 0 eng d | ||
| 024 | _a141565 | ||
| 037 | _cTextual | ||
| 040 |
_aSDCL _cSDCL _beng |
||
| 041 |
_2eng _aeng |
||
| 082 | _aY:1.2'L, J9 | ||
| 100 |
_aHusain Yusuf _9396416 |
||
| 245 | 0 | _aGlimpess of medieval Indian culture. | |
| 260 |
_aBombay _bAsia Publishing _c1959 |
||
| 300 |
_a140p. _ccm. |
||
| 942 |
_hY:1.2'L, J9 _cTEXL _2CC |
||
| 999 |
_c712146 _d712146 |
||